| 000 | 00373 a2200169 4500 | ||
|---|---|---|---|
| 001 | 190233 | ||
| 020 | _a85-85910-18-6 | ||
| 040 | _cMagnum | ||
| 100 | _aGranet, Marcel | ||
| 240 | 1 | 0 |
_aO pensamento chinês _lpor |
| 245 | 1 | 0 | _aO pensamento chinês |
| 300 | _a415 | ||
| 362 | 0 | _a1997 | |
| 440 | 1 | _aContraponto | |
| 697 | _aFILOSOFIA E DISCIPLINAS AFINS | ||
| 942 | _cBK | ||
| 999 |
_c190233 _d190233 |
||